Normal view
MARC view
- Castro, J. A.
Entry Nombre Personal
001 - NUMERO DE CONTROL
- campo de control: 51636
003 - IDENTIFICADOR DE NUMERO DE CONTROL
- campo de control: UPN
005 - FECHA Y HORA DE LA ÜLTIMA TRANSACCIÓN
- campo de control: 20240418163447.0
008 - DATOS DE LONGITUD FIJA
- campo de control de longitud fija: 240418|| acn||aabn | aaa d
040 ## - FUENTE DE CATALOGACIÓN
- Agencia original de catalogación: MX-MxUPN
- Lenguaje de catalogación: spa
- Agencia de transcripción: MX-MxUPN
100 1# - ENCABEZAMIENTO - NOMBRE PERSONAL
- Nombre personal: Castro, J. A.
670 ## - FUENTE EN LA QUE SE LOCALIZARON DATOS
- Cita de la fuente: Nociones de moral y educación, 1897 :
- Información localizada: portada (J. A. Castro)
902 ## - CATALOGADOR
- Catalogador: MaríaRobles/180424
